Statystyki dla Jakie to państwo? rozsypanka literowa - wersja losowa!

Kliknij tutaj aby rozwiązać quiz!

Ogólne statystyki

  • Ten quiz został rozwiązany 418 razy
  • Średni wynik to 13 z 20

Statystyki odpowiedzi

Państwo% Poprawnych
Andora
100%
Arabia Saudyjska
100%
Armenia
100%
Bangladesz
100%
Belize
100%
Białoruś
100%
Burundi
100%
Chiny
100%
Cypr
100%
Czechy
100%
Egipt
100%
Fidżi
100%
Finlandia
100%
Grecja
100%
Gruzja
100%
Indie
100%
Irak
100%
Iran
100%
Irlandia
100%
Islandia
100%
Izrael
100%
Japonia
100%
Jemen
100%
Katar
100%
Kongo
100%
Kosowo
100%
Kuba
100%
Litwa
100%
Łotwa
100%
Macedonia Północna
100%
Malediwy
100%
Mali
100%
Meksyk
100%
Mołdawia
100%
Nauru
100%
Nepal
100%
Nigeria
100%
Panama
100%
Republika
Środkowoafrykańska
100%
Rosja
100%
Rwanda
100%
Samoa
100%
Słowenia
100%
Sudan
100%
Sudan Południowy
100%
Surinam
100%
Syria
100%
Tajwan
100%
Togo
100%
Ukraina
100%
Watykan
100%
Węgry
100%
Zambia
100%
Zimbabwe
100%
Albania
88%
Słowacja
88%
Gwinea
86%
Oman
86%
Angola
83%
Jamajka
83%
Kenia
83%
Laos
83%
Madagaskar
83%
Mauretania
83%
Paragwaj
83%
Serbia
83%
Tanzania
83%
Tonga
83%
Turcja
83%
Urugwaj
83%
Wenezuela
83%
Włochy
83%
Bośnia i Hercegowina
80%
Chile
80%
Erytrea
80%
Gujana
80%
Kambodża
80%
Malta
80%
Niemcy
80%
Tajlandia
80%
Bahamy
78%
Bułgaria
78%
Etiopia
78%
Bahrajn
75%
Benin
75%
Dania
75%
Dżibuti
75%
Filipiny
75%
Haiti
75%
Kostaryka
75%
Libia
75%
Luksemburg
75%
Malawi
75%
Peru
75%
Tunezja
75%
Wietnam
75%
Szwajcaria
71%
Azerbejdżan
67%
Belgia
67%
Brazylia
67%
Czad
67%
Francja
67%
Hiszpania
67%
Kamerun
67%
Kanada
67%
Kiribati
67%
Kuwejt
67%
Malezja
67%
Mjanma
67%
Niger
67%
Nikaragua
67%
Norwegia
67%
Rumunia
67%
Saint Kitts i Nevis
67%
Sri Lanka
67%
Tadżykistan
67%
Uganda
67%
Kirgistan
63%
Botswana
60%
Chorwacja
60%
Czarnogóra
60%
Gabon
60%
Ghana
60%
Honduras
60%
Indonezja
60%
Mozambik
60%
Saint Lucia
60%
Seszele
60%
Algieria
57%
Korea Północna
57%
Argentyna
56%
Austria
50%
Barbados
50%
Burkina Faso
50%
Dominika
50%
Gambia
50%
Grenada
50%
Komory
50%
Lesotho
50%
Liberia
50%
Maroko
50%
Mauritius
50%
Monako
50%
Mongolia
50%
Namibia
50%
Polska
50%
Portugalia
50%
Republika Zielonego
Przylądka
50%
Salwador
50%
Singapur
50%
Szwecja
50%
Tuvalu
50%
Vanuatu
50%
Papua-Nowa Gwinea
44%
Uzbekistan
44%
Jordania
43%
Boliwia
40%
Dominikana
40%
Ekwador
40%
Eswatini
40%
Republika
Południowej Afryki
40%
San Marino
40%
Afganistan
33%
Holandia
33%
Palau
33%
Saint Vincent i
Grenadyny
33%
Senegal
33%
Timor Wschodni
33%
Wybrzeże Kości
Słoniowej
33%
Liechtenstein
29%
Wielka Brytania
29%
Australia
25%
Gwatemala
25%
Liban
25%
Somalia
25%
Wyspy Marshalla
25%
Zjednoczone Emiraty
Arabskie
25%
Brunei
20%
Gwinea Równikowa
20%
Kazachstan
20%
Pakistan
20%
Stany Zjednoczone
20%
Turkmenistan
20%
Korea Południowa
17%
Sierra Leone
17%
Trynidad i Tobago
17%
Wyspy Świętego
Tomasza i Książeca
17%
Antigua i Barbuda
0%
Bhutan
0%
Demokratyczna
Republika Konga
0%
Estonia
0%
Gwinea Bissau
0%
Kolumbia
0%
Mikronezja
0%
Nowa Zelandia
0%
Wyspy Salomona
0%

Rozkład punktacji

Percentyl według liczby udzielonych odpowiedzi

Procent ludzi z każdym wynikiem

Twoja historia wyników

Nie rozwiązałeś tego quizu